Taylor Swift - Track 15 - Statistiques

Statistiques générales
  • Ce quiz a été pris 49 fois
    38 depuis la dernière actualisation
  • Le résultat moyen est 9 sur 10
Statistiques - réponses
Hint Réponse % Correct
Reputation New Year's Day
100%
Lover Afterglow
96%
Midnights Bigger Than The Whole Sky
96%
Evermore Evermore
92%
Speak Now (Taylor's Version) Ours
92%
folklore peace
92%
The Tortured Poets Department The Alchemy
92%
1989 (Taylor's Version) You Are In Love
92%
Red (Taylor's Version) Starlight
88%
Fearless (Taylor's Version) Untouchable
83%
Aucun quiz correspondant
Distribution des résultats
% des personnes avec chaque résultat
Percentile par nombre de réponses
Votre historique - résultats
Vous n’avez pas pris ce quiz depuis la dernière actualisation